00311nam a2200097 a 4500008004100000050001700041245008400058260005200142300001000194350000900204100824s2000 ||||||||||||||||| || u aCBU-PWPA(02)04aThe global economy and society: a world surveycCompiled by Anderson, Gordon L. aMinnesotabProfessors World Peace Academyc2000 a173p. a0.00